| 000 | 00422nam a2200169 a 4500 | ||
|---|---|---|---|
| 001 | 0000-9213 | ||
| 003 | ELIB.Books | ||
| 008 | 110520 1970 | ||
| 035 | _a(ELIB.Books)0000-9365 | ||
| 082 |
_a796.6 _bHou |
||
| 100 | _aHouston, Jack | ||
| 245 | _aWandering Wheels | ||
| 260 |
_bAmerica: Baker book House Company _c1970 |
||
| 650 | _aGame Cycling | ||
| 942 |
_2ddc _cBK |
||
| 998 |
_cbat _e2011-05-20 |
||
| 999 |
_c9213 _d9213 |
||